000 01295cam a2200325 a 4500
001 sevennorth00ravi
003 CaSfIA
005 20210119081607.0
007 cr||||
008 850129s1985 nyu 000 1 eng
010 _a 85001605
040 _aDLC
_cDLC
_dBTCTA
_dYDXCP
_dBAKER
_dFN2
_dCaSfIA
020 _a0525243399 :
_c$16.95
020 _a9780525243397
035 _a(OCoLC)11728408
050 0 0 _aPS3568.A84
_bS4 1985
082 0 4 _a813/.54
_219
100 1 _aRavin, Neil.
245 1 0 _aSeven North /
_h[electronic resource]
_cNeil Ravin.
250 _a1st ed.
260 _aNew York :
_bE.P. Dutton/S. Lawrence,
_cc1985.
300 _a371 p. ;
_c25 cm.
856 4 1 _uhttp://www.archive.org/details/sevennorth00ravi
_zFree eBook from the Internet Archive
856 4 2 _uhttp://www.openlibrary.org/books/OL3021432M
_zAdditional information and access via Open Library
029 1 _aNZ1
_b2893277
029 1 _aAU@
_b000003748185
942 _cEB
506 _fНеобхідна авторизація на https://archive.org/ (створення облікового запису безкоштовно)
506 _fНеобхідна авторизація на https://openlibrary.org/ (створення облікового запису безкоштовно)
999 _c547804
_d547804